000 00264nam a2200109Ia 4500
008 190216s9999||||xx |||||||||||||| ||und||
100 _a"Jod Singh ,gujral"
245 0 _aAll About Intelligence Test
260 _bPankaj Books
650 _aReferences
942 _cREF
999 _c35542
_d35542